Normal view
MARC view
- Safdar, Aneeqa
Entry Personal Name
001 - CONTROL NUMBER
- control field: 16457
003 - CONTROL NUMBER IDENTIFIER
- control field: NUST
005 - DATE AND TIME OF LATEST TRANSACTION
- control field: 20190703052108.0
008 - FIXED-LENGTH DATA ELEMENTS
- fixed length control field: 190703|| aca||aabn | a|a d
040 ## - CATALOGING SOURCE
- Original cataloging agency: NUST
- Transcribing agency: NUST
100 ## - HEADING--PERSONAL NAME
- Personal name: Safdar, Aneeqa
670 ## - SOURCE DATA FOUND
- Source citation: Work cat.: (NUST): Safdar, Aneeqa, Synthesis and Physical Properties Ba Cu1-O (x=0, 0. 2, 0.4) and Ba CuO2 Nanomaterials /
